Statistics for Countries Moncef Marzouki has visited

Click here to take the quiz!

General Stats

  • This quiz has been taken 7 times
  • The average score is 20 of 25

Answer Stats

Continent Country % Correct
AfricaDemocratic Republic of the Congo
100%
North AmericaUnited States of America
100%
EuropeUnited Kingdom
100%
AfricaEthiopia
100%
EuropeFrance
100%
EuropeGermany
100%
EuropeItaly
100%
AsiaJapan
100%
AfricaNiger
100%
EuropeVatican City
86%
South AmericaPeru
86%
AfricaGabon
86%
AfricaChad
86%
AsiaSaudi Arabia
86%
AfricaSouth Africa
71%
AfricaSenegal
71%
EuropeBelgium
71%
AsiaQatar
71%
AfricaEquatorial Guinea
71%
AfricaEgypt
71%
AfricaLibya
71%
AfricaMali
57%
AsiaKuwait
57%
EuropeSwitzerland
57%
EuropeMalta
43%

Score Distribution

Percentile by Number Answered

Percent of People with Each Score

Your Score History

You have not taken this quiz